Loading...
| Fine Arts - Classical Music | 4 | 15.00 | 3,250% | 225% | 625% |
| Fine Arts - Other | 4 | 12.50 | 2,125% | 200% | 250% |
| Fine Arts - Painting & Sculpture | 2 | 15.00 | 4,050% | 450% | 400% |
| History - American | 6 | 13.33 | 817% | 283% | 433% |
| History - European | 6 | 10.00 | 1,133% | 283% | 250% |
| History - Other | 5 | 10.00 | 1,060% | 280% | 180% |
| History - World | 4 | 10.00 | 3,625% | 200% | 225% |
| Literature - American | 6 | 11.67 | 3,517% | 0% | 450% |
| Literature - British | 5 | 12.00 | 3,320% | 340% | 180% |
| Literature - European | 4 | 10.00 | 4,050% | 425% | 0% |
| Literature - World | 5 | 12.00 | 4,520% | 340% | 120% |
| Mythology | 2 | 5.00 | 0% | 450% | 0% |
| Other | 2 | 10.00 | 4,050% | 0% | 400% |
| Philosophy | 3 | 10.00 | 2,700% | 233% | 267% |
| Religion | 3 | 16.67 | 0% | 600% | 300% |
| Science - Biology | 2 | 0.00 | 0% | 0% | 0% |
| Science - Chemistry | 4 | 15.00 | 3,725% | 425% | 200% |
| Science - Other | 4 | 17.50 | 3,250% | 550% | 450% |
| Science - Physics | 4 | 17.50 | 2,925% | 400% | 550% |
| Social Science | 6 | 6.67 | 1,667% | 150% | 100% |